Plats de l'Asie - Mort Subite - Statistiques

Statistiques générales
  • Ce quiz a été pris 273 fois
  • Le résultat moyen est 5 sur 16
Answers on the Grid
Answers color-coded by a green-red scale on the quiz's grid according to % correct below.
Sushi
Nasi goreng
Mish-mash
Hot chicken
Kimchi-jjigae
Amok de poisson
Escalope à la milanaise
Shawarma
Tom yum
Baumkuchen
Bibimbap
Tacos
Chacarero
Poulet au beurre
Biltong
Pâté chinois
Bánh mì
Wonton
Laksa
Khorkhog
Ugali
Kiritanpo
Poulet au marsala
Tavë kosi
Boeuf mongol
Kare-kare
Pad thai
Bifana
 
Statistiques - réponses
Réponse % Correct
Sushi
76%
Pad thai
64%
Bibimbap
56%
Bánh mì
52%
Kimchi-jjigae
50%
Boeuf mongol
32%
Wonton
31%
Nasi goreng
27%
Shawarma
27%
Tom yum
27%
Amok de poisson
21%
Kare-kare
18%
Khorkhog
13%
Laksa
11%
Poulet au beurre
11%
Kiritanpo
7%
Aucun quiz correspondant
Distribution des résultats
% des personnes avec chaque résultat
Percentile par nombre de réponses
Votre historique - résultats
Vous n’avez pas pris ce quiz